| 000 | 01327nmm a2200229 a 4500 | ||
|---|---|---|---|
| 001 | ASINB003GUBIH0 | ||
| 005 | 20170105102925.0 | ||
| 008 | 131211s2010 xxu eng d | ||
| 020 | _a0007221789 (kindle edition) | ||
| 040 | _a0 | ||
| 050 | 0 | 4 | _aDS735 |
| 082 | 0 | 4 |
_a951 _bKEA 2009 |
| 100 | 1 | _aKeay, John. | |
| 245 | 1 | 0 |
_aChina _h[electronic resource] : _ba history / _cJohn Keay. |
| 260 |
_a[S.l.] : _bHarperPress, _c2010. |
||
| 300 | _a578p | ||
| 500 | _aKindle eBook. | ||
| 520 | _aThree thousand years of Chinese history in an accessible and authoritative single volume. Despite the recent rise of China to a position of dominance on the world economic stage, Chinese history remains an elusive subject. Yet it is this vast narrative of appalling loss, superhuman endeavour and incredible invention that has made China the superpower it is today. From the dawn of legend to the succession of great dynasties, from Confucius to Chairman Mao and from the clamour of revolution to the lure of slick capitalism, John Keay takes the reader on a sweeping tour through Chinese history. This is a definitive and indispensable account of a country set to play a major part in our future. | ||
| 650 | 0 | _aChina | |
| 856 | 4 | 0 |
_3Amazon.com _uhttp://www.amazon.com/exec/obidos/ASIN/B003GUBIH0/chopaconline-20 |
| 942 |
_2ddc _cBK |
||
| 999 |
_c15766 _d15766 |
||